Lenk, Manual de audio. Operación y localización de fallas

Bibliographic Details
Main Author: Lenk, John D.
Format: Section = Libro
Language:Undetermined
Spanish
Published: México México 1995
Subjects:
LEADER 00624nam a2200217Ia 4500
008 240829s9999 xx 000 0 und d
020 |a 970-15-0563-5 
040 |a BIBLIOTECA-RUSB/ Ref 621.3893 L566 
041 |a spa 
082 |a Ref 621.3893 L566 
100 1 |a Lenk, John D. 
245 1 0 |a Lenk, Manual de audio. Operación y localización de fallas 
260 |a México  |b México  |c 1995 
300 |a p. irreg. :il. 
650 7 |a AUDIA - MANUAL 
650 7 |b  AUDIO - AMPLIFICADORES 
650 7 |c  LOCALIZACION DE FALLAS - EQUIPOS 
650 7 |d  AUDIO - DISCOS COMPACTOS 
942 |c BK  |2 ddc 
991 |a TEXTO 
999 |c 6139